| 000 | 01258cgb a2200349za 4500 | ||
|---|---|---|---|
| 003 | CHAP | ||
| 005 | 20220817043741.0 | ||
| 007 | gfocuaf | ||
| 008 | 010830d1999 mx sp f o 0vuspa d | ||
| 010 | _a83349 | ||
| 011 | _a84321 | ||
| 035 | _a94841 | ||
| 040 | _cCHAP | ||
| 090 | _aVC-1 | ||
| 110 | 1 |
_aMéxico. _bSecretaría de Agricultura, Ganadería y Desarrollo Rural |
|
| 245 | 0 | 0 |
_aPrograma elemental de asistencia técnica (PEAT) (videograbación) _cpor Secretaría de Agricultura, Ganadería y Desarrollo Rural. |
| 260 | 0 |
_a(México, D.F.) : _bSecretaría de Agricultura, Ganadería y Desarrollo Rural, _c199- |
|
| 300 |
_av. videocasetes ( min.) : _bson., col. _cFormato VHS |
||
| 500 | _aLa biblioteca tiene: 1999, 2000, | ||
| 590 |
_aBATCH-UPD _b10 _c20130110 _lUCH01 _h1343 |
||
| 590 |
_aBATCH-UPD _b10 _c20130410 _lUCH01 _h0843 |
||
| 590 |
_aBATCH-UPD _b10 _c20130914 _lUCH01 _h0505 |
||
| 590 |
_aCONVERSION _b10 _c20130109 _lUCH01 _h1346 |
||
| 650 | 1 | 4 |
_aAyuda técnica. _99035 |
| 650 | 1 | 4 |
_aDesarrollo de la comunidad rural _zMéxico. _932040 |
| 710 | 0 | _aUACH. | |
| 901 | _aVM | ||
| 905 | _aEdna Luz | ||
| 942 | _cV | ||
| 949 |
_aVC-1 _bBC _cV _d33724002000652 _eV _f1999 _i94841 _sb |
||
| 949 |
_aVC-1 _bBC _cV _d33724002000694 _eV _f2000 _i94841 _sb |
||
| 999 |
_c83349 _d83349 |
||